Derecho y polt̕ica en el Islam contemporǹeo

Detalles Bibliográficos
Formato: eBook
Lenguaje:español
Publicado: Ciudad de Mx̌ico: vLex Mx̌ico, 2019
Materias:
Acceso en línea:Acceso restringido

MARC

LEADER 00000nam a22000007a 4500
005 20190830234319.0
007 cr|||| ||||
008 190830s2019 mx |||||s|||| 00||0 spa d
022 |2 978-607-97609-0-8 
035 |a 24758 
040 |a vLex 
090 |c 9348  |d 9348 
245 0 0 |a Derecho y polt̕ica en el Islam contemporǹeo  |h [Recurso electrn̤ico] / 
256 |a Servicio en ln̕ea 
260 |a Ciudad de Mx̌ico:  |b vLex Mx̌ico,  |c 2019 
300 |a 1 recurso electrn̤ico 
506 1 |a Disponible solo en los productos indicados  |d vLex Global  |d vLex Global (Academic Edition, excluding Law Schools)  |d vLex Global (U.S. Academic Edition, Law Schools)  |d vLex Global (U.S. Academic Edition, excluding Law Schools)  |d vLex Global (Academic Edition, Law Schools) 
650 0 4 |a Derecho Constitucional  |z Mx̌ico 
650 0 4 |a Ciencia polt̕ica  |z Mx̌ico 
650 0 4 |a Filosofa̕ y religin̤  |z Mx̌ico 
740 0 |a vLex Libros (Servicio en ln̕ea) 
856 4 0 |u http://vlex.com/source/derecho-politica-islam-contemporaneo-24758  |z Acceso restringido 
942 |c BOOK 
999 0 |a Constitutional Law 
999 0 |a Political Science 
999 0 |a Philosophy and religion